| Tag |
First Indicator |
Second Indicator |
Subfields |
| LEADER |
00000cam a2200000 4500 |
| 001 |
in00000043823 |
| 005 |
20151007065003.0 |
| 008 |
750313s1959 pau 00000 eng u |
| 010 |
|
|
|a 59008672
|
| 035 |
|
|
|a (OCoLC)01213594
|
| 035 |
|
|
|9 AAE1032AM
|
| 040 |
|
|
|c ORL
|d TXA
|d UtOrBLW
|
| 049 |
|
|
|a TXAM
|c [308055]
|
| 050 |
0 |
0 |
|a AS7
|b .P4
|
| 082 |
0 |
|
|a 394.268
|
| 092 |
|
|
|a 394.268
|b P374a
|
| 100 |
1 |
|
|a Peel, John Donald.
|
| 245 |
1 |
0 |
|a Anniversary celebrations made easy ;
|b how to plan, organize, and produce them for all kinds of organizations.
|
| 250 |
|
|
|a [1st ed.].
|
| 264 |
|
1 |
|a Philadelphia :
|b Chilton Co., Book Division,
|c [1959]
|
| 300 |
|
|
|a 318 pages :
|b illustrations ;
|c 22 cm.
|
| 336 |
|
|
|a text
|b txt
|2 rdacontent
|
| 337 |
|
|
|a unmediated
|b n
|2 rdamedia
|
| 338 |
|
|
|a volume
|b nc
|2 rdacarrier
|
| 650 |
|
0 |
|a Anniversaries.
|
| 999 |
|
|
|a MARS
|
| 999 |
f |
f |
|s ab55349b-c231-3142-9d9e-2d6f06925c07
|i b126ceb6-6a89-3045-a260-d13c9ebccebf
|t 0
|
| 952 |
f |
f |
|p ric
|a Texas A&M University
|b Rellis Campus
|c Joint Library Facility
|d Remote Storage
|t 0
|e AS7 .P4
|h Library of Congress classification
|i unmediated -- volume
|m A14800885300
|
| 998 |
f |
f |
|a AS7 .P4
|t 0
|l Remote Storage
|